LEADER 05797nam 22008054a 450 001 9910829812303321 005 20230617010457.0 010 $a1-281-31860-4 010 $a9786611318604 010 $a0-470-79007-5 010 $a0-470-69068-2 010 $a0-470-68041-5 035 $a(CKB)1000000000404817 035 $a(EBL)351195 035 $a(OCoLC)437218485 035 $a(SSID)ssj0000173354 035 $a(PQKBManifestationID)11172625 035 $a(PQKBTitleCode)TC0000173354 035 $a(PQKBWorkID)10163396 035 $a(PQKB)10519545 035 $a(MiAaPQ)EBC351195 035 $a(EXLCZ)991000000000404817 100 $a20060628d2003 uy 0 101 0 $aeng 135 $aur|n|---||||| 181 $ctxt 182 $cc 183 $acr 200 00$aHousing economics and public policy$b[electronic resource] $eessays in honour of Duncan Maclennan /$fedited by Tony O'Sullivan and Kenneth Gibb 210 $aOxford, UK ;$aMalden, MA, USA $cBlackwell Science$d2003 215 $a1 online resource (352 p.) 225 1 $aReal estate issues 300 $a"RICS Foundation"--Cover. 311 $a0-632-06461-7 320 $aIncludes bibliographical references (p. [283]-317) and index. 327 $aHousing Economics and Public Policy; Contents; Contributors; Preface; Acknowledgements; 1 Introduction; Perspectives on theory; Policy and practice; Contributions to this book; Recurrent themes and key issues for the future; 2 Urban Housing Models; Introduction; Urban residential trade-off models; Filtering in urban housing markets; Simulation models of urban housing; Conclusions; 3 Segmentation, Adjustment and Disequilibrium; Introduction; The causes and consequences of housing market segmentation; A model of housing market disequilibrium; Urban housing sub-market identification; Conclusions 327 $a4 Transactions Costs and Housing MarketsIntroduction; A taxonomy; A simple model of transactions costs; Some policy implications; 5 Hedonic Pricing Models: a Selective and Applied Review; Introduction; What is a hedonic price index?; Repeat sales models; The roots of hedonic price models; Conceptual issues in hedonic modelling; Specification issues; Hedonic modelling: the current position; Examples of applications; Concluding thoughts; 6 Housing, Random Walks, Complexity and the Macroeconomy; Introduction; The relationship between housing and the macroeconomy; Are house prices predictable? 327 $aConclusions7 Taxation, Subsidies and Housing Markets; Introduction; Distributional issues; Tax arbitrage; Taxation, inefficiency and market processes; Concluding comments; 8 The Economics of Social Housing; Introduction: the role of economic analysis in social housing; Ef. ciency reasons for social housing provision; Housing as a means of redistribution; The governance of housing; Conclusions; 9 Neighbourhood Dynamics and Housing Markets; Introduction; Defining neighbourhood; Idiosyncrasies of neighbourhood; How neighbourhoods come to be; Changes in neighbourhood 327 $aImplications for neighbourhood regeneration policySummary and conclusion; 10 Access to Home Ownership in the United States: the Impact of Changing Perspectives on Constraints to Tenure Choice; Introduction; Constraints to tenure choice - theory and empirical evidence; Wealth constraints and racial differences in ownership in the United States; Implications for the affordability debate; Summary and conclusion; 11 Planning Regulation and Housing Supply in a Market System; Introduction; Researching housing supply; Planning and regulation of land use; Setting up an inter-urban panel model 327 $aModel resultsConclusions; 12 Economics and Housing Planning; Introduction; The policy and institutional framework; Housing plans in practice; The land use planning system and housing planning; The roots of the problem; Conclusions; 13 The Right to Buy in Britain; Introduction; Policy objectives; The evidence base for the 1980 legislation; Subsequent research on the statutory Right to Buy; The relationship between policy and research; The modernised or strategic Right to Buy in Scotland; Conclusions; 14 The Political Economy of Housing Research; Introduction 327 $aHousing research resumes after World War II 330 $aThis book is a timely assessment of 20 years of progress in the field of housing economics and its application to policy and practice. Two decades on from the publication of Duncan Maclennan's influential Housing Economics, 16 leading housing experts - both academics and policy makers from across the world - now honour Maclennan's contributions. The chapters here present a contemporary survey of key issues in housing, from urban housing markets and sub-market modelling, to the economics of social housing, the basis for housing planning, economic analysis of neighbourhoods, 410 0$aReal estate issues (Oxford, England) 606 $aHousing policy 606 $aHousing 606 $aHousing policy$zGreat Britain 606 $aHousing$zGreat Britain 606 $aHuisvesting$2gtt 606 $aHuisvestingsbeleid$2gtt 607 $a4.240$2gtt 615 0$aHousing policy. 615 0$aHousing. 615 0$aHousing policy 615 0$aHousing 615 17$aHuisvesting. 615 17$aHuisvestingsbeleid. 676 $a333.33/8 676 $a333.3380941 686 $a71.83$2bcl 701 $aO'Sullivan$b Tony$0964145 701 $aGibb$b Kenneth$0306192 701 $aMaclennan$b Duncan$0964146 712 02$aRICS Foundation. 801 0$bMiAaPQ 801 1$bMiAaPQ 801 2$bMiAaPQ 906 $aBOOK 912 $a9910829812303321 996 $aHousing economics and public policy$92186520 997 $aUNINA LEADER 04699nam 22006375 450 001 9910337872803321 005 20200701071546.0 010 $a3-030-13300-1 024 7 $a10.1007/978-3-030-13300-9 035 $a(CKB)4100000008493438 035 $a(DE-He213)978-3-030-13300-9 035 $a(MiAaPQ)EBC5795940 035 $a(PPN)257359206 035 $a(EXLCZ)994100000008493438 100 $a20190620d2019 u| 0 101 0 $aeng 135 $aurnn|008mamaa 181 $ctxt$2rdacontent 182 $cc$2rdamedia 183 $acr$2rdacarrier 200 10$aPracticing the Correspondence Principle in the Old Quantum Theory $eA Transformation through Implementation /$fby Martin Jähnert 205 $a1st ed. 2019. 210 1$aCham :$cSpringer International Publishing :$cImprint: Springer,$d2019. 215 $a1 online resource (XIII, 293 p. 21 illus.) 225 1 $aArchimedes, New Studies in the History and Philosophy of Science and Technology,$x1385-0180 ;$v56 311 $a3-030-13299-4 327 $a1. Introduction -- 2. The Correspondence Principle in Copenhagen 1913?1923: Origin, Formulation and Consolidation -- 3. The Correspondence Principle in the Quantum Network 1918?1926 -- 4. Using the Magic Wand: Sommerfeld, Multiplet Intensities and the Correspondence Principle -- 5. Fertilizer on a Sandy Acreage: Franck, Hund and the Ramsauer Effect -- 6. That I Cannot Conceive of After the Results of Your Dissertation: Fritz Reiche and the F-sum Rule -- 7. Copenhagen Reactions: The Intensity Problem in Copenhagen, 1924?1925 -- 8. Conclusion -- A. Applications of the Correspondence Principle 1918?1928 -- Archives -- Bibliography. 330 $aThis book presents a history of the correspondence principle from a new perspective. The author provides a unique exploration of the relation between the practice of theory and conceptual development in physics. In the process, he argues for a new understanding of the history of the old quantum theory and the emergence of quantum mechanics. The analysis looks at how the correspondence principle was disseminated and how the principle was applied as a research tool during the 1920s. It provides new insights into the interaction between theoretical tools and scientific problems and shows that the use of this theoretical tool changed the tool itself in a process of transformation through implementation. This process, the author claims, was responsible for the conceptual development of the correspondence principle. This monograph connects to the vast literature in the history of science, which analyzed theoretical practices as based on tacit knowledge, skills, and calculation techniques. It contributes to the historical understanding of quantum physics and the emergence of quantum mechanics. Studying how physicists used a set of tools to solve problems, the author spells out the ?skillful guessing? that went into the making of quantum theoretical arguments and argues that the integration and implementation of technical resources was a central driving force for the conceptual and theoretical transformation in the old quantum theory. 410 0$aArchimedes, New Studies in the History and Philosophy of Science and Technology,$x1385-0180 ;$v56 606 $aPhysics 606 $aHistory 606 $aPhilosophy and science 606 $aIntellectual life?History 606 $aCivilization?History 606 $aHistory and Philosophical Foundations of Physics$3https://scigraph.springernature.com/ontologies/product-market-codes/P29000 606 $aHistory of Science$3https://scigraph.springernature.com/ontologies/product-market-codes/731000 606 $aPhilosophy of Science$3https://scigraph.springernature.com/ontologies/product-market-codes/E34000 606 $aIntellectual Studies$3https://scigraph.springernature.com/ontologies/product-market-codes/729000 606 $aCultural History$3https://scigraph.springernature.com/ontologies/product-market-codes/723000 615 0$aPhysics. 615 0$aHistory. 615 0$aPhilosophy and science. 615 0$aIntellectual life?History. 615 0$aCivilization?History. 615 14$aHistory and Philosophical Foundations of Physics. 615 24$aHistory of Science. 615 24$aPhilosophy of Science. 615 24$aIntellectual Studies. 615 24$aCultural History. 676 $a530.01 676 $a530.12 700 $aJähnert$b Martin$4aut$4http://id.loc.gov/vocabulary/relators/aut$01064947 906 $aBOOK 912 $a9910337872803321 996 $aPracticing the Correspondence Principle in the Old Quantum Theory$92541885 997 $aUNINA